000 00699nam a2200133Ia 4500
008 220616s9999||||xx |||||||||||||| ||und||
100 _aCosta, Jaime
245 0 _aConnecting Women
_bNational and International Networks during the Long Nineteenth Century
546 _aEnglish[eng]
650 _awomen's networks||long nineteenth century||women activists||activist networks||women authors||suffragists||literary networks||friendly societies||transatlantic activism||social change||gender studies||victorian women poets||history||Manileña
700 _aHacker, Barton C.||Pereira, Joanne||Margaret, Esteves Pereira||Vining, Margaret
856 _uhttps://doi.org/10.5479/si.14265137
942 _cEB
999 _c20758
_d20758